Sports Quiz

Random Sports or Football Quiz

MLB Starts by Batting Position (2000-2011) Quiz Stats

Quiz Updated Oct 19, 2016

Challenge
Share
Tweet
Embed
Score 0/180 Timer 20:00
0 Plays Today
Position Player % Correct
1stDerek Jeter
93%
2ndDerek Jeter
93%
3rdAlex Rodriguez
89.2%
4thAlex Rodriguez
89.2%
6thIvan Rodriguez
88.5%
3rdAlbert Pujols
85.9%
4thManny Ramirez
80.6%
4thAramis Ramirez
80.3%
3rdDavid Ortiz
79.6%
3rdChipper Jones
75.2%
5thAndruw Jones
75%
1stIchiro Suzuki
74.1%
4thRyan Howard
68.5%
7thAlex Gonzalez
66.5%
8thAlex Gonzalez
66.5%
3rdLuis Gonzalez
66.5%
4thMiguel Cabrera
64.7%
2ndOrlando Cabrera
64.5%
1stJimmy Rollins
64.2%
4thPrince Fielder
64.2%
4thCarlos Lee
60.2%
3rdDerrek Lee
60.1%
6thDerrek Lee
60.1%
5thJim Thome
60%
3rdLance Berkman
58.4%
4thLance Berkman
58.4%
1stJose Reyes
58.3%
1stCraig Biggio
58.1%
2ndMichael Young
57.9%
3rdKen Griffey
55.9%
3rdTodd Helton
55.6%
5thJorge Posada
55.1%
6thJorge Posada
55.1%
3rdJeff Bagwell
54%
3rdMark Teixeira
53.8%
3rdJoe Mauer
53.7%
1stAlfonso Soriano
53.4%
3rdCarlos Beltran
52.9%
4thPaul Konerko
51.8%
5thPaul Konerko
51.8%
1stJohnny Damon
51.1%
3rdVladimir Guerrero
50.2%
4thVladimir Guerrero
50.2%
4thAdam Dunn
49%
5thAdam Dunn
49%
2ndDustin Pedroia
48.3%
5thAdrian Beltre
47%
6thAdrian Beltre
47%
7thAdrian Beltre
47%
4thCarlos Delgado
46.1%
2ndCarl Crawford
45.1%
1stJuan Pierre
45.1%
3rdMiguel Tejada
44.7%
5thTorii Hunter
44%
7thYadier Molina
43.1%
7thBengie Molina
43%
8thBengie Molina
43%
4thMagglio Ordonez
42.5%
8thRey Ordonez
42.4%
4thGarret Anderson
42%
Position Player % Correct
5thGarret Anderson
42%
4thJeff Kent
41.6%
3rdVernon Wells
40.3%
4thScott Rolen
39.9%
5thScott Rolen
39.9%
6thJason Varitek
39%
7thJason Varitek
39%
1stBrian Roberts
37.8%
1stDave Roberts
37.7%
1stRafael Furcal
36.9%
3rdGary Sheffield
36.6%
1stGrady Sizemore
35.2%
4thJermaine Dye
34.1%
5thJermaine Dye
34.1%
2ndJack Wilson
32.5%
8thJack Wilson
32.5%
5thTroy Glaus
32.4%
9thGreg Maddux
32.3%
3rdBobby Abreu
31.7%
2ndEdgar Renteria
31.3%
6thEdgar Renteria
31.3%
7thEdgar Renteria
31.3%
7thDavid Bell
31.1%
5thMike Lowell
31.1%
6thMike Lowell
31.1%
2ndPlacido Polanco
30.7%
9thTom Glavine
30.3%
5thHideki Matsui
29.7%
1stLuis Castillo
29.5%
2ndLuis Castillo
29.5%
1stKenny Lofton
29.4%
1stDavid Eckstein
29.4%
6thJavy Lopez
29.2%
2ndOmar Vizquel
28.4%
3rdBrian Giles
27.5%
4thRafael Palmeiro
27.5%
7thRamon Hernandez
26.7%
9thLivan Hernandez
26.7%
6thJose Hernandez
26.7%
7thJose Hernandez
26.7%
8thBrandon Inge
25.3%
9thBrandon Inge
25.3%
1stChone Figgins
25.1%
4thRichie Sexson
25.1%
9thRey Sanchez
24.7%
5thPat Burrell
23.8%
6thPat Burrell
23.8%
3rdMike Sweeney
23.7%
5thMoises Alou
22.6%
2ndMelvin Mora
22.5%
8thJason Kendall
22.5%
5thCarlos Guillen
22.3%
2ndOrlando Hudson
21.7%
6thA.J. Pierzynski
21.4%
7thA.J. Pierzynski
21.4%
9thCarlos Zambrano
19.3%
1stScott Podsednik
19.1%
9thRoy Oswalt
18.7%
8thCarlos Ruiz
18.4%
2ndDarin Erstad
17.5%
Position Player % Correct
6thMike Cameron
17.4%
5thKevin Millar
17.2%
6thKevin Millar
17.2%
2ndJose Vidro
17.1%
7thVinny Castilla
15.6%
8thDamian Miller
15.1%
9thAdam Kennedy
14.8%
1stShannon Stewart
13.1%
7thBrad Ausmus
13%
8thBrad Ausmus
13%
1stRay Durham
11.8%
5thLyle Overbay
11.7%
7thJoe Crede
11.6%
7thJuan Uribe
11.6%
8thJuan Uribe
11.6%
9thMarco Scutaro
11.4%
4thPhil Nevin
11.3%
1stDavid DeJesus
10.7%
6thTony Batista
10.7%
7thPedro Feliz
10.4%
5thJeromy Burnitz
10.3%
9thNick Punto
10.1%
2ndMark Loretta
9.8%
6thRichard Hidalgo
9.8%
2ndCristian Guzman
9.7%
9thRamon Santiago
9.6%
9thCesar Izturis
8.8%
6thBrad Hawpe
7.9%
8thMike Matheny
7.9%
6thJeff Francoeur
7.5%
9thJason Bartlett
7.5%
8thJohn Buck
7.4%
2ndMark Grudzielanek
7.3%
9thYuniesky Betancourt
7%
8thMichael Barrett
6.6%
8thRod Barajas
6.2%
2ndMark Kotsay
6.1%
9thJerry Hairston
6.1%
7thGregg Zaun
6%
8thAlex Cora
5.8%
7thBrian Schneider
5.6%
8thBrian Schneider
5.6%
9thJohn McDonald
5.6%
9thRandy Wolf
5.6%
7thMiguel Olivo
5.5%
6thEric Hinske
5.4%
2ndTadahito Iguchi
5.3%
9thBrad Penny
5.3%
9thEinar Diaz
5%
5thJoe Randa
4.6%
8thHenry Blanco
4.5%
7thKenji Johjima
4.2%
2ndFrank Catalanotto
4.1%
8thJason LaRue
3.9%
8thChris Snyder
3.9%
9thLuis Rivas
3.9%
6thJay Payton
3.8%
7thJay Payton
3.8%
8thPaul Bako
3.6%
6thWes Helms
3.3%

You're not logged in!

Compare scores with friends on all Sporcle quizzes.
Sign Up with Email
OR
Log In

You Might Also Like...

Show Comments

Extras

Top Quizzes Today


Score Distribution

Your Account Isn't Verified!

In order to create a playlist on Sporcle, you need to verify the email address you used during registration. Go to your Sporcle Settings to finish the process.